00361nam a2200133Ia 4500082002100000100002600021245004600047260004100093300001000134504001400144650002600158650002400184650001900208 aRR 920.054 SHA-; aSharma, Jagdish Saran 0aNational biographical dictionary of India aNew DelhibSterling Publishersc1972 a302p. aRef. book aAuthors - Directories aAuthors - Biography aIndian authors